|
|
|
|
| LEADER |
01376nam a22003137a 4500 |
| 001 |
34027 |
| 003 |
BD-DhAAL |
| 005 |
20211124124907.0 |
| 008 |
181128t2016 ii ||||| |||| 00| 0 eng d |
| 999 |
|
|
|c 40124
|d 40124
|
| 020 |
|
|
|a 9780857424990
|
| 040 |
|
|
|a BD-DhAAL
|
| 082 |
|
|
|a 891.44371
|
| 100 |
|
|
|a Rahman, Rizia
|9 29066
|
| 245 |
|
|
|a Letters of blood :
|b a novel /
|c Rizia Rahman ; translated by Arunava Sinha.
|
| 260 |
|
|
|a Calcutta ;
|a London ;
|a New York :
|b Seagull Books,
|c 2018
|
| 300 |
|
|
|a xiv, 139 pages ;
|c 21 cm.
|
| 490 |
|
|
|a Library of Bangladesh.
|
| 526 |
|
|
|a ENH
|
| 541 |
|
|
|a Trim Education
|e 34027, 34028
|
| 546 |
|
|
|a Translated from the Bengali.
|
| 600 |
|
|
|a Rijiẏā Rahamāna,
|d 1939- --
|x Translations into English.
|9 29067
|
| 650 |
|
|
|a Bengali fiction
|y 20th century
|x Translations into English.
|9 29068
|
| 650 |
|
|
|a English language.
|9 43052
|
| 700 |
|
|
|a Sinha, Arunava
|9 29069
|
| 852 |
|
|
|a Ayesha Abed
|c Library General Stacks
|
| 942 |
|
|
|2 ddc
|c BK
|
| 952 |
|
|
|0 0
|1 0
|2 ddc
|4 0
|6 891_443710000000000_RAH
|7 0
|9 64700
|a BRACUL
|b BRACUL
|c GEN
|d 2018-11-20
|e Trim Education
|g 2325.00
|l 1
|o 891.44371 RAH
|p 3010034027
|r 2024-04-25
|s 2024-03-25
|t 1
|v 2325.00
|w 2018-11-20
|y BK
|
| 952 |
|
|
|0 0
|1 0
|2 ddc
|4 0
|6 891_443710000000000_RAH
|7 0
|9 64701
|a BRACUL
|b BRACUL
|c GEN
|d 2018-11-20
|e Trim Education
|g 2325.00
|l 7
|m 10
|o 891.44371 RAH
|p 3010034028
|r 2025-05-09
|s 2025-05-02
|t 2
|v 2325.00
|w 2018-11-20
|y BK
|